Caracterización física y geológica de la roca para cimentación del nuevo puente ¨Los Esclavos¨, (Registro nro. 2503)

Detalles MARC
000 -LEADER
campo de control de longitud fija 02650nam a22003497a 4500
001 - NÚMERO DE CONTROL
campo de control 42835
003 - IDENTIFICADOR DE NÚMERO DE CONTROL
campo de control gtgccic
005 - FECHA Y HORA DE LA ÚLTIMA TRANSACCIÓN
campo de control 20251107095005.0
007 - CAMPO FIJO DE DESCRIPCIÓN FÍSICA--INFORMACIÓN GENERAL
campo de control de longitud fija ta
008 - DATOS DE LONGITUD FIJA--INFORMACIÓN GENERAL
campo de control de longitud fija 251106b gt ||||| |||| 00| 0 spa d
040 ## - FUENTE DE CATALOGACIÓN
Centro catalogador/agencia de origen gtgccic
Lengua de catalogación spa
Centro/agencia transcriptor gtgccic
Normas de descripción rda
084 ## - OTRO NÚMERO DE CLASIFICACIÓN
Número de control del registro de autoridad o número normalizado TPI-16-0102
100 10 - ENTRADA PRINCIPAL--NOMBRE DE PERSONA
Nombre de persona Lisza María Acevedo Castañeda
Fechas asociadas al nombre Ingeniera Civil
Término indicativo de función/relación autor
245 10 - MENCIÓN DEL TÍTULO
Título Caracterización física y geológica de la roca para cimentación del nuevo puente ¨Los Esclavos¨,
Resto del título kilómetro 66+400 carretera CA-01 Oriente, municipio de Cuilapa, departamento de Santa Rosa /
Mención de responsabilidad, etc. Acevedo Castañeda, Lisza María
264 #1 - PRODUCCIÓN, PUBLICACIÓN, DISTRIBUCIÓN, FABRICACIÓN Y COPYRIGHT
Producción, publicación, distribución, fabricación y copyright Guatemala, Guatemala :
Nombre del de productor, editor, distribuidor, fabricante USAC, Facultad de Ingeniería ;
Fecha de producción, publicación, distribución, fabricación o copyright 2016.-
300 ## - DESCRIPCIÓN FÍSICA
Extensión xxiv, 72 p. :
Otras características físicas il. ;
Dimensiones 27 cm
336 ## - TIPO DE CONTENIDO
Fuente rdacontenido
Término de tipo de contenido Texto
Código de tipo de contenido txt
337 ## - TIPO DE MEDIO
Fuente rdamedio
Nombre/término del tipo de medio sin mediación
Código del tipo de medio n
338 ## - TIPO DE SOPORTE
Fuente rdasoporte
Nombre/término del tipo de soporte volumen
Código del tipo de soporte nc
502 ## - NOTA DE TESIS
Nota de tesis Tesis Postgrado
Tipo de título MAESTRA EN INGENIERÍA GEOTÉCNICA
Nombre de la institución que otorga el título USAC, Facultad de Ingeniería, Escuela de Postgrado
Año de obtención del título 2016
Identificador de la tesis TPI-16-0102
504 ## - NOTA DE BIBLIOGRAFÍA, ETC.
Nota de bibliografía, etc. Nota Bibliografía pag. 57
505 ## - NOTA DE CONTENIDO CON FORMATO
Título 1. ANTECEDENTES GENERALES (marco teórico)
505 ## - NOTA DE CONTENIDO CON FORMATO
Título 2. CIMENTACIONES (marco teórico)
505 ## - NOTA DE CONTENIDO CON FORMATO
Título 3. CARACTERIZACIÓN FÍSICA Y GEOLÓGICA DE LA ROCA PARA CIMENTACIÓN DEL NUEVO PUENTE ¨LOS ESCLAVOS¨
505 ## - NOTA DE CONTENIDO CON FORMATO
Título 4. RESULTADOS DE LA INVESTIGACIÓN
520 #3 - RESUMEN, ETC.
Sumario, etc. Desde 1958, sobre el río ¨Los Esclavos¨ existe un puente que lleva el mismo nombre, se encuentra ubicado en el km 66+400 de la carretera CA-01 Oriente, municipio de Cuilapa, departamento de Santa Rosa. Este puente se encuentra cimentado sobre roca, la subestructura es metálica, en forma curva. Sus bases se encuentran en dos puntos del puente, siendo estos marcos rígicos de concreto reforzado, ubicados en la entrada y la salida del mismo. Este puente tiene tal diseño, porque es un río caudaloso, y si tuviera pilas en alguna parte de su longitud, serían derribadas por la fuerza del agua. Por tal razón , la subestructura del puentes es metálica, para que este no sea demasiado pesado. La longitud de la estructura es de 71.90 metros, con un ancho de rodadura de 7.35 metros.<br/>Este puente ha cumplido el objetivo para el cual fue diseñado, sin embargo, debido al crecimiento poblacional y actividad económica, se tiene la necesidad de ampliar la carretera CA-01 Oriente, agregando dos carriles. Esta carretera al ampliarse, contará con cuatro carriles, y será necesaria la construcción de puentes paralelos para que los existentes no se vuelvan un cuello de botella,.
650 ## - PUNTO DE ACCESO ADICIONAL DE MATERIA--TÉRMINO DE MATERIA
Término de materia o nombre geográfico como elemento de entrada PUENTES
650 ## - PUNTO DE ACCESO ADICIONAL DE MATERIA--TÉRMINO DE MATERIA
Término de materia o nombre geográfico como elemento de entrada ROCAS
700 ## - ENTRADA AGREGADA--NOMBRE PERSONAL
Nombre de persona MSc. Ing. Julio Roberto Luna Aroche
Término indicativo de función/relación asesor
942 ## - ELEMENTOS DE ENTRADA SECUNDARIOS (KOHA)
Fuente de la clasificación o esquema de estantería Clasificación Decimal Dewey
Tipo de ítem Koha TESISPOSTGRADO
945 ## - PROCESAMIENTO DE INFORMACIÓN LOCAL (OCLC)
a amlo
Existencias
Estatus retirado Estado de pérdida Fuente de la clasificación o esquema de estantería Estado de daño No para préstamo Biblioteca de origen Biblioteca actual Fecha de adquisición Número de inventario Total de préstamos Signatura topográfica completa Código de barras Visto por última vez Precio de reemplazo Tipo de ítem Koha Nota pública
    Clasificación Decimal Dewey     CENTRO DE INFORMACIÓN A LA CONSTRUCCIÓN-CICON CENTRO DE INFORMACIÓN A LA CONSTRUCCIÓN-CICON 06/11/2025 P20160102   TPI-16-0102 20160102 06/11/2025 06/11/2025 TESISPOSTGRADO disponible